000 00190 a2200097 4500
020 _a9780836893496
041 _aspa
100 _aWeber,Valerie J.
245 _aTortugas Marinas
942 _cBK
999 _c15297
_d15297